| 000 | 00650nam a2200229 a 4500 | ||
|---|---|---|---|
| 001 | 18628 | ||
| 003 | CO-ViMGA | ||
| 008 | 141112s2004 ck r 000 u spa d | ||
| 020 | _a8434221438 | ||
| 040 |
_aCO-ViMGA _bspa _cCO-ViMGA |
||
| 082 | 0 | 4 | _a747.3 S155d |
| 100 | 1 |
_aCanal, Fernanda _919650 |
|
| 245 | 1 | 0 | _aDecoración de paredes |
| 250 | _a6 | ||
| 260 |
_aBarcelona (España), _cParramón, _c2002 |
||
| 300 | _a80.p. | ||
| 590 | _aForma de adquisición : Premio - Mincultura - - Ejemplares : 2 | ||
| 650 | 1 | 4 | _aDECORACIÓN DE INTERIORES |
| 650 | 1 | 4 |
_aPINTURA MANUAL _926524 |
| 650 | 1 | 4 |
_aREVESTIMIENTO PARA PAREDES _926525 |
| 942 |
_2ddc _cBK |
||
| 999 |
_c27881 _d27881 |
||